000 01723nam a2200289 a 4500
001 4921
003 BD-RjUL
005 20211208233958.0
008 160820s2003 dcua b i000 0 eng
020 _a082135342X
035 _a(BD-RjUL)4956
040 _aDLC
_cDLC
_dDLC
_dBD-RjUL
_dOrLoB-B
_beng
041 _aeng
082 0 0 _221
_a362.557
_bINF 2003
245 0 0 _aInfrastructure for poor people :
_bpublic policy for private provision /
_cedited by Penelope J. Brook, Timothy C. Irwin.
260 _aWashington, DC :
_bThe World Bank,
_cc2003.
300 _aviii, 296 p. :
_bill. ;
_c23 cm.
500 _a"Earler versions of chapters 3 through 7 were initially prepared for the conference on Infrastructure for Development ... held in London during May-June 2, 2000"--Acknowledgments.
504 _aIncludes bibliographical references.
505 0 0 _tPrivate Infrastructure and the Poor: Increasing Access /
_tUniversal Service: Empirical Evidence on the Provision of Infrastructure Services to Rural and Poor Urban Consumers /
_tInfrastructure Coverage and the Poor: A Global Perspective /
_tMeasuring the Impact of Energy Interventions on the Poor - An Illustration from Guatemala /
_tImpact of Market Structure on Service Options for the Poor /
_tRegulating Infrastructure for the Poor: Perspectives on Regulatory System Design /
_tRegulation of the Quality of Infrastructure Services in Developing Countries /
_tLifeline or Means-Testing? Electric Utility Subsidies in Honduras /
650 0 _aPoor.
_9148116
650 0 _aInfrastructure (Economics)
_9171491
650 0 _aPrivatization.
_9148117
_xGovernment policy.
700 1 _aBrook, Penelope J.
_9148119
700 1 _aIrwin, Timothy.
_9148120
942 _2ddc
_cBK
999 _c4921
_d4921